ARRUPE JESUIT UNIVERSITY

CORONAVIRUS -STOP THE SPREAD - CLEAN,DISINFECT,COVER

L'Atlantide (Record no. 126099)

MARC details
000 -LEADER
fixed length control field 00367nam a22001337a 4500
005 - DATE AND TIME OF LATEST TRANSACTION
control field 20170210120047.0
008 - FIXED-LENGTH DATA ELEMENTS--GENERAL INFORMATION
fixed length control field 170210b xxu||||| |||| 00| 0 eng d
050 ## - LIBRARY OF CONGRESS CALL NUMBER
Classification number PQ2603.E583A8 1920
100 ## - MAIN ENTRY--PERSONAL NAME
Personal name Benoit, Pierre
9 (RLIN) 25042
245 ## - TITLE STATEMENT
Title L'Atlantide
Statement of responsibility, etc by Benoit, Pierre
260 ## - PUBLICATION, DISTRIBUTION, ETC. (IMPRINT)
Place of publication, distribution, etc Paris
Name of publisher, distributor, etc Albin Michel
Date of publication, distribution, etc 1920
300 ## - PHYSICAL DESCRIPTION
Extent 316p.;
Dimensions 18cm.
942 ## - ADDED ENTRY ELEMENTS (KOHA)
Source of classification or shelving scheme Library of Congress Classification
Item type Monograph ( Printed materials)
Holdings
Withdrawn status Lost status Source of classification or shelving scheme Damaged status Not for loan Collection code Home library Current library Shelving location Date acquired Total Checkouts Full call number Barcode Date last seen Price effective from Koha item type
    Library of Congress Classification     Main Collection ARRUPE LIBRARY ARRUPE LIBRARY Main Collection 10/02/2017   PQ2603.E583A8 1920 46500023619 05/07/2018 10/02/2017 SPC

 

Arrupe Library. PO Box MP320 Mt Pleasant, Harare, Zimbabwe
263 242 745411|librarian@aju.ac.zw